|
|
|
|
| LEADER |
00000nam a2200000 a 4500 |
| 001 |
vtls001273456 |
| 003 |
SK-MaSNL |
| 005 |
20260301064543.0 |
| 008 |
240318s1989 xx 0 und |
| 035 |
|
|
|a SNK000224625
|
| 040 |
|
|
|a SNK
|b slo
|c SNK
|e AACR2
|
| 100 |
1 |
|
|a Šimr, Václav
|4 aut
|9 382019
|
| 245 |
1 |
0 |
|a Pojďte s námi stavět sluneční hodiny
|
| 260 |
|
|
|a Praha
|b Státní nakladatelství technické literatury
|c 1989
|
| 300 |
|
|
|a 74 s.
|
| 958 |
|
|
|a OND
|
| 999 |
|
|
|c 627366
|d 629296
|
| 952 |
|
|
|a SNK
|b SNK
|y VYP
|7 0
|p 17A0478422
|o snkIC 111451
|i snkKIP 4181/89
|3 rekatalogizácia
|0 0
|1 0
|4 0
|d 2005-07-28
|l 0
|r 2026-02-23 17:14:29
|w 2026-02-23
|
| 952 |
|
|
|t P60, <04>, [BOOK], {604}
|a SNK
|b SNK
|y VYP
|7 0
|p 17A0033915
|o snkIC 111451 D1
|0 0
|1 1
|4 0
|d 1997-01-27
|l 0
|r 2005-01-01 00:00:00
|w 2026-02-23
|